|
|
|
|
| LEADER |
00000nam0a2200000 4500 |
| 001 |
99491 |
| 005 |
20231031111730.0 |
| 010 |
|
|
|a 5819902513
|
| 035 |
|
|
|a (RuTPU)RU\TPU\book\106780
|
| 090 |
|
|
|a 99491
|
| 100 |
|
|
|a 20060705d2006 m y0rusy50 ca
|
| 101 |
0 |
|
|a rus
|
| 102 |
|
|
|a RU
|
| 105 |
|
|
|a a j 001zy
|
| 200 |
1 |
|
|a Системы управления базами данных
|e учебное пособие для средних профессиональных заведений
|f О. Л. Голицына, Т. Л. Партыка, И. И. Попов
|
| 210 |
|
|
|a Москва
|c Форум
|d 2006
|
| 215 |
|
|
|a 432 с.
|c ил.
|
| 225 |
1 |
|
|a Профессиональное образование
|
| 320 |
|
|
|a Библиогр.: с. 315-317.
|
| 320 |
|
|
|a Глоссарий: с. 318-339.
|
| 330 |
|
|
|a В учебном пособии рассматриваются основные подходы и направления развития систем баз данных. Анализируются классические машинно-ориентированные формы представления информации и данных. Рассматриваются типовые модели физической и логической организации данных. Исследуется архитектура средств доступа к данным. На примере системы FoxPro (система программирования с элементами СУБД) иллюстрируются практические аспекты разработки фактографических и документальных информационных систем. Достаточно подробно описываются возможности SQL как базового языка для профессиональной работы с реляционными базами данных. Необходимое внимание уделяется проблемам моделирования и проектирования баз данных. Для студентов экономических специальностей.
|
| 610 |
1 |
|
|a базы данных
|
| 610 |
1 |
|
|a данные
|
| 610 |
1 |
|
|a управление
|
| 610 |
1 |
|
|a файловые системы
|
| 610 |
1 |
|
|a модели данных
|
| 610 |
1 |
|
|a система управления базами данных
|
| 610 |
1 |
|
|a FoxPro
|
| 610 |
1 |
|
|a SQL
|
| 610 |
1 |
|
|a учебные пособия
|
| 675 |
|
|
|a 681.3.016(075.8)
|v 3
|
| 700 |
|
1 |
|a Голицына
|b О. Л.
|g Ольга Леонидовна
|
| 701 |
|
1 |
|a Партыка
|b Т. Л.
|g Татьяна Леонидовна
|
| 701 |
|
1 |
|a Попов
|b И. И.
|g Игорь Иванович
|
| 801 |
|
1 |
|a RU
|b 63413507
|c 20060705
|g PSBO
|
| 801 |
|
2 |
|a RU
|b 63413507
|c 20141203
|g PSBO
|
| 900 |
|
|
|a Экономика
|
| 900 |
|
|
|a Базы данных
|
| 900 |
|
|
|a Системы управления с элементами искусственного интелле
|
| 900 |
|
|
|a Информационные системы в экономике
|
| 942 |
|
|
|c BK
|
| 952 |
|
|
|b 080000
|
| 959 |
|
|
|a 60/20060705
|d 1
|e 100,00
|f ЧЗТЛ:1
|